Statistiken für Europa

Klicken Sie hier um das Quiz zu spielen!

Allgemein

  • Dieses Quiz wurde 584 mal gespielt
  • Das Durchschnittsergebnis liegt bei 10 aus 16

Antwortstatistiken

HintAntwort% Korrekt
das größte Land EuropasRussland
91%
London (Vereinigtes Königreich)
87%
die 3 größten Städte EuropasMoskau (Russland)
86%
die verbreitetsten Religionen EuropasChristentum
81%
das Grenzgebirge zu AsienUral
77%
Islam
73%
der längste Fluss EuropasWolga (Russland)
73%
der aktivste Vulkan EuropasÄtna (Italien)
68%
der höchste Berg EuropasMt. Blanc (Frankreich)
64%
Judentum
60%
die größte Insel EuropasGroßbritannien
56%
das größte Fußballstadion EuropasCamp Nou (Barcelona)
55%
Istanbul (Türkei)
55%
die höchste Bevölkerungsdichte eines europäischen LandesMonaco
52%
der längste Tunnel EuropasÄrmelkanaltunnel
38%
der größte See EuropasLadogasee (Russland)
22%

Verteilung der Resultate

Perzentil nach korrekt beantworteten Fragen

Anzahl Personen mit jedem Resultat

Ihre Resultats-Entwicklung

Sie haben dieses Quiz noch nicht gespielt